[Event "ch-ESP Abierto"]
[Site "Leon ESP"]
[Date "2006.11.24"]
[Round "3"]
[White "Gonzalez Valero,J"]
[Black "Lorente Penalba,D"]
[Result "1-0"]
[WhiteElo "2287"]
[BlackElo "2150"]

1.d4 Nf6 2.Bg5 e6 3.e4 c5 4.d5 d6 5.Nc3 Be7 6.Nf3 O-O 7.Qd2 exd5 8.exd5 Bf5
9.Bd3 Bxd3 10.Qxd3 h6 11.Bf4 Na6 12.h3 Qd7 13.g4 Nh7 14.O-O-O Rfc8 15.Rhg1 c4
16.Qe3 g5 17.h4 gxf4 18.Qxf4 Bf8 19.g5 hxg5 20.Nxg5 Bg7 21.Nxh7 Kxh7 22.Rxg7+ Kxg7
23.Qg5+ Kf8 24.Re1 f5 25.Qf6+ Qf7 26.Qxd6+ Kg8 27.Re7  1-0

[Event "19th Belgrade Trophy"]
[Site "Belgrade SRB"]
[Date "2006.11.26"]
[Round "5"]
[White "Lazic,L"]
[Black "Mirkovic,P"]
[Result "1-0"]
[WhiteElo "2240"]
[BlackElo "2080"]

1.d4 Nf6 2.Bg5 e6 3.Nf3 b6 4.e3 Bb7 5.Nbd2 Be7 6.Bd3 d6 7.Qe2 Nbd7 8.e4 c6
9.O-O e5 10.c3 O-O 11.Nh4 g6 12.f4 exf4 13.Bxf4 Nh5 14.Nf5 Nxf4 15.Nxe7+ Qxe7
16.Rxf4 Rae8 17.Qf2 a6 18.Rf1 f6 19.Qg3 Kh8 20.Rh4 f5 21.exf5 Qe3+ 22.Qxe3 Rxe3
23.fxg6 h6 24.Rxh6+ Kg8 25.Rh7 Rxd3 26.Rxd7 Rxd2 27.Rxf8+ Kxf8 28.Rxb7 Rxb2
29.h4 Rb5 30.g4 c5 31.dxc5 bxc5 32.Rxb5 axb5 33.Kf2 Kg7 34.h5 d5 35.Ke3 d4+
36.cxd4 c4 37.a3  1-0

[Event "19th Belgrade Trophy"]
[Site "Belgrade SRB"]
[Date "2006.11.27"]
[Round "6"]
[White "Marcetic,N"]
[Black "Martinovic,Sl"]
[Result "1/2-1/2"]
[WhiteElo "2367"]
[BlackElo "2440"]

1.d4 Nf6 2.Bg5 e6 3.e3 c5 4.Nd2 cxd4 5.exd4 Be7 6.c3 b6 7.Ngf3 Bb7 8.Bd3 d6
9.O-O Nbd7 10.Re1 O-O 11.a4 a6 12.Qb3 Qc7 13.Ne4 Rfe8 14.Qc2 Nxe4 15.Bxe4 h6
16.Bxe7 Rxe7 17.Nd2 Nf6 18.Bxb7 Qxb7 19.Nc4 Qc6 20.Ne3 d5 21.h3 Rc7 22.Qe2 Rcc8
23.Ng4 Nxg4 24.Qxg4 Qc4 25.Re3 Kh7 26.f4 Qb3 27.Rg3 g6 28.Qe2 Ra7 29.h4 Rg8
30.h5 gxh5 31.Rxg8 Kxg8 32.Ra3 Qc4 33.Qxh5 Qd3 34.Ra1 Qe3+ 35.Kh1 Qxf4 36.Qe2 Qe4
37.Qf2 Qg6 38.Qf4 Ra8 39.Rf1 Rf8 40.Rf3 Kh7 41.Rg3 Qh5+ 42.Rh3 Qg6 43.Rg3 Qh5+
44.Rh3 Qg6 45.Rg3  1/2-1/2

[Event "ch-ESP Abierto"]
[Site "Leon ESP"]
[Date "2006.11.27"]
[Round "6"]
[White "Crespo Arce,M"]
[Black "Montolio Benedicto,C"]
[Result "0-1"]
[WhiteElo "1822"]
[BlackElo "2067"]

1.d4 Nf6 2.Bg5 e6 3.e4 h6 4.Bh4 g5 5.e5 gxh4 6.exf6 Qxf6 7.h3 Bg7 8.c3 b6
9.Nf3 Bb7 10.Nbd2 Nc6 11.Qc2 O-O-O 12.O-O-O Qf4 13.Qe4 Qxe4 14.Nxe4 Nxd4
15.Nd6+ cxd6 16.Nxd4 d5 17.Nb5 Kb8 18.Nd6 Rhf8 19.c4 dxc4 20.Bxc4 Be5 21.Nxb7 Kxb7
22.Be2 d5 23.Kb1 Rc8 24.Rc1 Rg8 25.Rxc8 Kxc8 26.Rc1+ Kb7 27.Bf1 Rc8 28.Bb5 Kb8
29.Rxc8+ Kxc8 30.Kc2 Bd4 31.f3 Kc7 32.b3 Kd6 33.Kd3 Bb2 34.a4 e5 35.Be8 f5
36.Bf7 Ba3 37.Bg8 Bc5 38.Bf7 e4+ 39.fxe4 fxe4+ 40.Ke2 Ke5 41.Bg6 a5 42.Bf7 d4
43.Bc4 d3+  0-1

[Event "19th Belgrade Trophy"]
[Site "Belgrade SRB"]
[Date "2006.11.28"]
[Round "7"]
[White "Rakic,Mi"]
[Black "Bogosavljevic,B"]
[Result "0-1"]
[WhiteElo "2256"]
[BlackElo "2375"]

1.d4 Nf6 2.Bg5 e6 3.e4 h6 4.Bxf6 Qxf6 5.e5 Qd8 6.Bd3 c5 7.c3 Qb6 8.Ne2 cxd4
9.Nd2 dxc3 10.Nc4 Qc6 11.Nxc3 Qxg2 12.Be4 Qg5 13.Nb5 Bb4+ 14.Kf1 O-O 15.Nc7 b5
16.Rg1 Qf4 17.Rg4 Qxh2 18.Nd6 Bxd6 19.exd6 f5 20.Rg2 Qh1+ 21.Ke2 Qxd1+ 22.Rxd1 fxe4
23.Nxa8 Bb7 24.Nc7 e3 25.Rg3 exf2 26.Rf1 Nc6 27.Rxf2 Nd4+ 28.Kf1 Nf5 29.Rd3 a6
30.Kg1 g5 31.Re2 Kf7 32.Re5 Kf6 33.Rc5 g4 34.Kh2 h5 35.a4 bxa4 36.Rc4 g3+
37.Rxg3 Nxg3 38.Kxg3 Ke5 39.Rxa4 Kxd6 40.Nxa6 Bxa6 41.Rxa6+ Ke5 42.Rb6 d5
43.b4 Rd8 44.Kf3 Rc8 45.b5 Rc3+ 46.Ke2 Rb3 47.Rb8 Kd4 48.b6 e5 49.b7 e4 50.Kd2 h4
51.Kc2 Rb6  0-1

[Event "19th Belgrade Trophy"]
[Site "Belgrade SRB"]
[Date "2006.11.29"]
[Round "8"]
[White "Miladinovic,I"]
[Black "Martinovic,Sl"]
[Result "1-0"]
[WhiteElo "2598"]
[BlackElo "2440"]

1.d4 Nf6 2.Bg5 e6 3.e3 c5 4.c3 cxd4 5.exd4 b6 6.Nd2 Bb7 7.Ngf3 Be7 8.Bd3 d6
9.Bxf6 Bxf6 10.Qe2 O-O 11.h4 g6 12.h5 Nd7 13.hxg6 hxg6 14.O-O-O Bg7 15.Kb1 Nf6
16.Ne4 Nxe4 17.Bxe4 Bxe4+ 18.Qxe4 d5 19.Qg4 Qf6 20.Qg3 Rfc8 21.Rh4 b5 22.Rf4 Qe7
23.Rh1 b4 24.Ne5 Bxe5 25.dxe5 Kg7 26.Rfh4 Rh8 27.Qf4 Rxh4 28.Rxh4 Rh8 29.Qf6+  1-0

[Event "19th Belgrade Trophy"]
[Site "Belgrade SRB"]
[Date "2006.11.30"]
[Round "9"]
[White "Nikolov,M"]
[Black "Pantovic,D"]
[Result "1-0"]
[WhiteElo "2448"]
[BlackElo "2206"]

1.d4 Nf6 2.Bg5 e6 3.e4 h6 4.Bxf6 Qxf6 5.c3 d5 6.e5 Qd8 7.Nf3 c5 8.dxc5 Bxc5
9.Bd3 Qb6 10.Qe2 Nc6 11.O-O Bd7 12.b4 Be7 13.Nbd2 a6 14.a3 Rc8 15.Rac1 g6
16.c4 Nd4 17.Nxd4 Qxd4 18.Nb3 Qb6 19.c5 Qd8 20.Rc3 Bf8 21.Na5 Rc7 22.Nxb7 Rxb7
23.c6 Bxc6 24.Rxc6 Be7 25.Bxa6 Rb8 26.Rfc1 O-O 27.Rc7 Bg5 28.R1c2 Rb6 29.b5 d4
30.Qd3 Qd5 31.R7c5 Qd7 32.a4  1-0

[Event "Polyarniy Krug"]
[Site "Salekhard RUS"]
[Date "2006.12.02"]
[Round "4"]
[White "Elfert,A"]
[Black "Gajsin,E"]
[Result "0-1"]
[WhiteElo "2187"]
[BlackElo "2456"]

1.d4 Nf6 2.Bg5 e6 3.e3 h6 4.Bh4 d6 5.Bd3 e5 6.c3 Nc6 7.Nf3 g5 8.Bg3 e4 9.d5 exf3
10.dxc6 fxg2 11.Rg1 bxc6 12.Qa4 Rb8 13.Nd2 Bg7 14.h4 Rxb2 15.O-O-O Rb8 16.hxg5 hxg5
17.Rxg2 Kf8 18.f4 Nd5 19.Ne4 Nxe3 20.Rgg1 Nxd1 21.Kxd1 Bf5 22.fxg5 d5 23.Qa3+  0-1

[Event "IM Multicoms"]
[Site "Paris FRA"]
[Date "2006.12.16"]
[Round "4"]
[White "Glicenstein,A"]
[Black "Colson,A"]
[Result "0-1"]
[WhiteElo "2278"]
[BlackElo "2208"]

1.d4 Nf6 2.Bg5 e6 3.e4 c5 4.d5 d6 5.Nc3 Be7 6.dxe6 Bxe6 7.g3 O-O 8.Bg2 Nc6
9.Nge2 Nxe4 10.Bxe7 Nxc3 11.Bxd8 Nxd1 12.Bxc6 Raxd8 13.Kxd1 bxc6 14.Nc3 Rfe8
15.Kd2 Kf8 16.Rad1 Bg4 17.Rde1 Bf3 18.Rhg1 Rxe1 19.Rxe1 Re8 20.Rxe8+ Kxe8
21.Na4 Ke7 22.b3 Ke6 23.Ke3 Bd1 24.Kd2 Bg4 25.Ke3 g5 26.f3 Bf5 27.c4 Ke5
28.Nc3 Bc2 29.Kd2 Bg6 30.Ke3 d5 31.Na4 Kd6 32.Kd2 f6 33.Nc3 Ke5 34.Ne2 Bf7
35.Kd3 h5 36.Nc1 Bg6+ 37.Ke3 Bb1 38.a3 h4 39.Ne2 hxg3 40.hxg3 Bc2 41.Nc1 a5
42.Kd2 Bg6 43.Ne2 Bh5 44.f4+ gxf4 45.Nxf4 Bf7 46.Kd3 Kf5 47.Kc3 Kg4 48.Nd3 Kxg3
49.Nxc5 f5 50.Nd3 dxc4 51.bxc4 f4 52.Nxf4 Kxf4 53.Kd4 Kf3 54.Kc5 Be8 55.a4 Ke4
56.Kb6 Kd4 57.c5 Kc4 58.Kxa5 Kxc5 59.Ka6 Kb4 60.a5 c5 61.Kb6 Bb5  0-1

[Event "6th Amplico AIG Life"]
[Site "Warsaw POL"]
[Date "2006.12.16"]
[Round "2"]
[White "Labeckas,K"]
[Black "Aleksandrov,A"]
[Result "0-1"]
[WhiteElo "2221"]
[BlackElo "2619"]

1.d4 Nf6 2.Bg5 e6 3.e3 c5 4.c3 b6 5.Nf3 h6 6.Bxf6 Qxf6 7.Nbd2 Bb7 8.Bd3 Qd8
9.Qe2 Be7 10.h4 d6 11.a4 Nc6 12.Ba6 Qc8 13.g4  0-1

[Event "13th Open A"]
[Site "Zadar CRO"]
[Date "2006.12.17"]
[Round "9"]
[White "Draganic,S"]
[Black "Ascic,P"]
[Result "0-1"]
[WhiteElo "2247"]
[BlackElo "2387"]

1.d4 Nf6 2.Bg5 e6 3.c3 h6 4.Bh4 b6 5.Nf3 Bb7 6.Nbd2 Nc6 7.e3 g5 8.Bg3 Nh5
9.Be2 Bg7 10.Ng1 Nxg3 11.hxg3 Qe7 12.Bf3 O-O-O 13.Qa4 Kb8 14.b4 d5 15.Be2 e5
16.Bb5 exd4 17.Bxc6 dxe3 18.Bxb7 Bxc3 19.O-O-O Bxd2+ 20.Kb1 Qe4+ 21.Qc2 Qxb4+
22.Qb3 Qxb3+ 23.axb3 Kxb7 24.Nf3 f6 25.Nxd2 exd2 26.Rxd2 d4 27.g4 a5 28.Kc2 c5
29.Kd3 Kc6 30.Re2 b5 31.Re6+ Rd6 32.Rxd6+ Kxd6 33.Ra1 Ra8 34.Rh1 Kd5 35.Rxh6 c4+
36.bxc4+ bxc4+ 37.Kc2 Ra6 38.Rh8 a4 39.Rd8+ Kc5 40.Rc8+ Kb5 41.Rb8+ Rb6 42.Rd8 Kc5
43.Rc8+ Kd5 44.Rd8+ Ke5 45.Ra8 c3 46.Re8+ Re6 47.Ra8 Ke4 48.Rxa4 Rb6  0-1

[Event "XIX Carlos Torre Mem"]
[Site "Merida MEX"]
[Date "2006.12.19"]
[Round "7"]
[White "Alonso Arteaga,L"]
[Black "Tey Carrera,J"]
[Result "0-1"]
[WhiteElo "2097"]
[BlackElo "2048"]

1.d4 Nf6 2.Bg5 e6 3.e4 h6 4.Bxf6 Qxf6 5.Nc3 Bb4 6.Qd2 e5 7.d5 c6 8.a3 Bxc3
9.Qxc3 O-O 10.Nf3 cxd5 11.exd5 d6 12.Be2 Bf5 13.O-O Nd7 14.Rfc1 Rfc8 15.Qb4 a5
16.Qb5 e4 17.Nd2 Rc5 18.Nxe4 Bxe4 19.Qxd7 Bxd5 20.c3 Bc6 21.Qh3 Re8 22.Bf1 Re4
23.Bd3 Re8 24.Re1 Rce5 25.Rxe5 dxe5 26.Rd1 Rd8  0-1

[Event "Masters"]
[Site "Singapore SIN"]
[Date "2006.12.26"]
[Round "1"]
[White "Zhang Pengxiang"]
[Black "Vijayalakshmi,S"]
[Result "1-0"]
[WhiteElo "2636"]
[BlackElo "2424"]

1.d4 Nf6 2.Bg5 e6 3.Nc3 d5 4.e4 dxe4 5.Nxe4 Nbd7 6.Nf3 Be7 7.Nxf6+ Bxf6 8.h4 c5
9.dxc5 Qa5+ 10.c3 Qxc5 11.Qd2 h6 12.Be3 Qa5 13.Bd3 Ne5 14.Nxe5 Bxe5 15.Be4 Bd7
16.O-O Rd8 17.Rfd1 O-O 18.Qe2 Qc7 19.Bxa7 f5 20.Bf3 Bf6 21.Qe3 Bc8 22.h5 e5
23.Bb6 Rxd1+ 24.Rxd1 Qf7 25.Bd5 Be6 26.Qc5 Re8 27.Qc4 Bxd5 28.Qxd5 Re6 29.Bc7 Kh8
30.Re1 Qe8 31.Qxb7 Qxh5 32.a4 Kh7 33.Qd5 Qe8 34.a5 Kg6 35.f4 e4 36.Re3 h5
37.Bb6 Bh4 38.Bd4 Qe7 39.b4 Rd6 40.Qc5 Qd7 41.Rh3 Bf6 42.Bxf6 Rxf6 43.b5 Qd1+
44.Kh2 Kh6 45.b6 Rg6 46.Qf2 Qb1 47.Qh4 Qd1 48.b7 e3 49.Qxh5+  1-0

[Event "Masters"]
[Site "Singapore SIN"]
[Date "2006.12.27"]
[Round "4"]
[White "Nguyen Ngoc Truongson"]
[Black "Megaranto,S"]
[Result "1-0"]
[WhiteElo "2534"]
[BlackElo "2492"]

1.d4 Nf6 2.Bg5 e6 3.e4 c5 4.e5 h6 5.Bc1 Nd5 6.c4 Nc7 7.dxc5 Bxc5 8.Nf3 Nc6
9.a3 a5 10.Nc3 d5 11.exd6 Qxd6 12.Qxd6 Bxd6 13.Be3 Na6 14.Na4 Bd7 15.O-O-O Ke7
16.c5 Bc7 17.Bb5 Rac8 18.Kb1 Ncb8 19.Rxd7+ Nxd7 20.c6 Ndb8 21.cxb7 Rcd8 22.Rc1 Rd5
23.Bc4 Rd7 24.Bb5 Rd5 25.Nc3 Rdd8 26.Bxa6 Nxa6 27.Nb5 Bb8 28.Rc6 Rd5 29.Nfd4 e5
30.Rxa6 exd4 31.Nxd4 Kd7 32.Nb3 Re8 33.Nc5+ Ke7 34.Rxa5 g5 35.g3 f5 36.Ra4 Bd6
37.Ra8 f4 38.Rxe8+ Kxe8 39.Ne4 fxe3 40.Nxd6+ Kd7 41.b8=Q  1-0

[Event "Weihnachtsopen Masters"]
[Site "Zurich SUI"]
[Date "2006.12.27"]
[Round "3"]
[White "Dresen,U"]
[Black "Miralles,G"]
[Result "0-1"]
[WhiteElo "2319"]
[BlackElo "2502"]

1.d4 Nf6 2.Bg5 e6 3.Nd2 h6 4.Bh4 c5 5.e3 Nc6 6.c3 b6 7.Ne4 g5 8.Nxf6+ Qxf6
9.Bg3 cxd4 10.exd4 Bb7 11.Nf3 Qe7 12.h4 Bg7 13.hxg5 hxg5 14.Rxh8+ Bxh8 15.Qd2 g4
16.Ne5 Nxe5 17.dxe5 f5 18.O-O-O Bc6 19.Qe3 Bg7 20.f3 gxf3 21.gxf3 Kf7 22.Be2 Rh8
23.Bf4 Rh3 24.Rg1 Qc5 25.Qxc5 bxc5 26.Rg3 Rh4 27.Bg5 Rh1+  0-1

[Event "15th Donau Open"]
[Site "Aschach an der Donau AUT"]
[Date "2006.12.28"]
[Round "4"]
[White "Cifka,S"]
[Black "Enoeckl,P"]
[Result "0-1"]
[WhiteElo "2310"]
[BlackElo "2175"]

1.d4 Nf6 2.Bg5 e6 3.e3 d5 4.c4 Nbd7 5.cxd5 exd5 6.Nc3 c6 7.Bd3 Be7 8.Qc2 O-O
9.h3 Re8 10.Nf3 Nf8 11.O-O-O Ne4 12.Bf4 Nxc3 13.Qxc3 Bd6 14.Be5 Be6 15.Kb1 Rc8
16.g4 Re7 17.Ng5 f6 18.Bxd6 Qxd6 19.Nxe6 Nxe6 20.Qc2 Nf8 21.h4 Rcc7 22.Rdg1 Kh8
23.Qd2 b6 24.g5 c5 25.Rg4 c4 26.gxf6 gxf6 27.Bf5 Rg7 28.f3 Rxg4 29.fxg4 Qg3
30.Re1 Kg7 31.e4 Re7 32.g5 fxg5 33.hxg5 Ng6 34.e5 Nh4 35.Rf1 Rf7 36.Qc2 Nxf5
37.e6 Rf8 38.Qc1 Nd6 39.Rxf8 Kxf8 40.Qf1+ Ke8 41.Qf6 Qd3+ 42.Kc1 Qf5 43.Qg7 Qxe6
44.Qh8+ Kd7 45.Qxh7+ Kc6 46.g6 Qe3+ 47.Kc2 Qe2+ 48.Kc1 Qe3+ 49.Kc2 Ne4 50.Qh2 Nf2
51.Qh5 Nd3 52.Qd1 Qxd4 53.Qf1 Qxb2+ 54.Kd1 Qc1+ 55.Ke2  0-1

[Event "27th Open A"]
[Site "Bethune FRA"]
[Date "2006.12.28"]
[Round "6"]
[White "Thorfinnsson,Bj"]
[Black "Fedorchuk,S"]
[Result "0-1"]
[WhiteElo "2317"]
[BlackElo "2599"]

1.d4 Nf6 2.Bg5 e6 3.e4 h6 4.Bxf6 Qxf6 5.Nc3 d6 6.Qd2 a6 7.f4 b5 8.Nf3 Bb7
9.Bd3 g5 10.f5 g4 11.e5 Qe7 12.f6 Qd7 13.Nh4 dxe5 14.dxe5 Nc6 15.Qf4 h5 16.Rd1 Bh6
17.Qf2 Qd4 18.Be4 Qe3+ 19.Qxe3 Bxe3 20.g3 Rg8 21.Ng2 Bc5 22.h3 b4 23.Na4 Bf8
24.Nf4 Rg5 25.Nd3 gxh3 26.Kf2 O-O-O 27.Rde1 Rxd3 28.cxd3 Nxe5 29.Rxh3 Ng4+
30.Ke2 Bxe4 31.dxe4 Nxf6 32.Kd3 Bd6 33.Rf1 Nd7 34.Rfh1 Nf6 35.Rf1 Ng4 36.Ke2 f6
37.Rfh1 Re5 38.Rxh5 Rxe4+ 39.Kd2 f5 40.Re1 Rxe1 41.Kxe1 Bxg3+ 42.Ke2 Bd6
43.b3 Nf6 44.Rh6 Nd5 45.Nb2 Kd7 46.Nc4 Nc3+ 47.Kd3 Nxa2 48.Rh1 Nc3 49.Ra1 Ne4
50.Nxd6 Kxd6 51.Rxa6+ Kd5 52.Ra5+ c5 53.Ra8 e5 54.Rd8+ Nd6 55.Rd7 f4 56.Ke2 e4  0-1

[Event "Czech Christmas"]
[Site "Litomysl CZE"]
[Date "2006.12.28"]
[Round "3"]
[White "Petr,Ma"]
[Black "Neumeier,K"]
[Result "1/2-1/2"]
[WhiteElo "2417"]
[BlackElo "2289"]

1.d4 Nf6 2.Bg5 e6 3.e4 h6 4.Bxf6 Qxf6 5.c3 d6 6.Bd3 g6 7.Ne2 e5 8.O-O Bg7
9.f4 Qe7 10.Nd2 O-O 11.Nc4 Bg4 12.dxe5 dxe5 13.h3 Bxe2 14.Qxe2 exf4 15.Rxf4 Nc6
16.Bc2 Qc5+ 17.Kh1 b5 18.Ne3 a5 19.Raf1 a4 20.a3 h5 21.R4f2 Ne5 22.Bb1 c6
23.Ba2 Qe7 24.Nc2 Rad8 25.Nd4 Rd6 26.Qe3 Rf6 27.Nf3 Nxf3 28.gxf3 Rd6 29.f4 Rfd8
30.Bb1 Rd1 31.Bc2 Rxf1+ 32.Rxf1 Qh4 33.e5 Bf8 34.Kg2 c5 35.Rf2 Be7 36.Kh2 b4
37.axb4 cxb4 38.cxb4 Bxb4 39.f5 g5 40.e6 Bd6+ 41.Kg2 g4 42.exf7+ Kxf7 43.Qe6+ Kf8
44.Qh6+ Kf7 45.Qg6+ Kf8  1/2-1/2

[Event "Masters"]
[Site "Singapore SIN"]
[Date "2006.12.29"]
[Round "7"]
[White "Le Quang Liem"]
[Black "Ranola,Y"]
[Result "1-0"]
[WhiteElo "2519"]
[BlackElo "2414"]

1.d4 Nf6 2.Bg5 e6 3.e4 h6 4.Bxf6 Qxf6 5.Nc3 d6 6.Qd2 c6 7.O-O-O e5 8.Nge2 Qxf2
9.dxe5 Be7 10.Qd4 Qxd4 11.Nxd4 dxe5 12.Nf3 Bg4 13.Bc4 Bxf3 14.gxf3 b5 15.Nxb5 Na6
16.Nd6+ Bxd6 17.Rxd6 Nb8 18.Rhd1 Ke7 19.b4 a5 20.b5 cxb5 21.Bxb5 Rc8 22.c4 Ra7
23.Kc2 Rac7 24.R1d5 f6 25.Kb3 h5 26.a3 g5 27.h3 g4 28.fxg4 hxg4 29.hxg4 Rg8
30.Ka4 Ra7 31.Rd1 Rxg4 32.Rd8 Rb7 33.Re8+ Kf7 34.Rdd8 Rxe4 35.Rxb8 Rxb8 36.Rxb8 Re3
37.c5 Rc3 38.c6  1-0

[Event "Australian Open"]
[Site "Tuggeranong AUS"]
[Date "2006.12.29"]
[Round "2"]
[White "Rogers,I"]
[Black "Wei,M"]
[Result "1-0"]
[WhiteElo "2526"]
[BlackElo "2117"]

1.d4 Nf6 2.Bg5 e6 3.e4 h6 4.Bxf6 Qxf6 5.c3 d6 6.Bd3 Nd7 7.Ne2 g6 8.O-O Bg7
9.f4 b6 10.f5 Bb7 11.Nd2 Qg5 12.fxe6 fxe6 13.Nf4 O-O 14.g3 Rf6 15.Nf3 Qa5
16.a4 c5 17.Bb5 Nf8 18.Qe1 c4 19.Nd2 Rc8 20.Nxc4  1-0

[Event "Australian Open"]
[Site "Tuggeranong AUS"]
[Date "2006.12.30"]
[Round "3"]
[White "Brockman,R"]
[Black "Korenevski,O"]
[Result "1-0"]
[WhiteElo "1787"]
[BlackElo "2009"]

1.d4 Nf6 2.Bg5 e6 3.e4 h6 4.Bxf6 Qxf6 5.c3 d6 6.Bd3 g6 7.Ne2 Bg7 8.O-O Qe7
9.Nd2 b6 10.f4 Bb7 11.Qc2 c5 12.f5 exf5 13.exf5 O-O 14.fxg6 fxg6 15.Rxf8+ Bxf8
16.Rf1 Nd7 17.Bc4+ d5 18.Qxg6+ Qg7 19.Qe6+ Kh8 20.Rf7  1-0

[Event "Hilton Open"]
[Site "Basel SUI"]
[Date "2007.01.02"]
[Round "2"]
[White "Kuemin,S"]
[Black "Steiert,R"]
[Result "1-0"]
[WhiteElo "2367"]
[BlackElo "1711"]

1.d4 Nf6 2.Bg5 e6 3.e4 Be7 4.Bd3 c6 5.Nf3 Qb6 6.Nbd2 d5 7.e5 Ng8 8.Bxe7 Nxe7
9.O-O Nd7 10.c4 Nf8 11.c5 Qc7 12.Re1 h6 13.b4 g5 14.h3 Bd7 15.a4 Rg8 16.Nh2 Nf5
17.Ng4 O-O-O 18.Nf3 Nh7 19.Nf6 g4 20.hxg4 Nxf6 21.gxf5 Nh5 22.f6 Nf4 23.g3 Nh3+
24.Kg2 Nf4+ 25.Kh2 Nxd3 26.Qxd3 Rg6 27.Rh1 Rh8 28.Kg2 Rg4 29.Rh5 Qd8 30.Rah1 Qf8
31.Qd2 Rg6 32.R1h4 Be8 33.Nh2 Kd7 34.Ng4 b6 35.Qd3 Kd8 36.Qa6 Bd7 37.Qxa7 bxc5
38.bxc5  1-0

[Event "Hilton Open"]
[Site "Basel SUI"]
[Date "2007.01.04"]
[Round "4"]
[White "Kuemin,S"]
[Black "Hoffmann,Mi1"]
[Result "1/2-1/2"]
[WhiteElo "2367"]
[BlackElo "2478"]

1.d4 Nf6 2.Bg5 e6 3.e4 h6 4.Bxf6 Qxf6 5.c3 d6 6.Bd3 e5 7.Ne2 Nc6 8.d5 Nb8
9.O-O Qd8 10.f4 Nd7 11.Nd2 Be7 12.Nc4 exf4 13.Nxf4 O-O 14.Nh5 g6 15.Ng3 Bf6
16.Qd2 Bg7 17.Rae1 Qg5 18.Qxg5 hxg5 19.Ne2 Ne5 20.Nxe5 Bxe5 21.Nd4 Bg4 22.Nf3 Bxf3  1/2-1/2

[Event "Open"]
[Site "Verona ITA"]
[Date "2007.01.05"]
[Round "4"]
[White "Vincenzi,M"]
[Black "Brigati,A"]
[Result "1/2-1/2"]
[WhiteElo "2057"]
[BlackElo "2111"]

1.d4 Nf6 2.Bg5 e6 3.e4 Be7 4.e5 Nd5 5.Bxe7 Nxe7 6.Bd3 d5 7.Qg4 g6 8.h4 c5
9.h5 cxd4 10.hxg6 Nxg6 11.Bxg6 Qa5+ 12.Nd2 fxg6 13.Qg5 Qc7 14.Qxg6+ hxg6
15.Rxh8+ Kd7 16.Rh7+ Kd8 17.Rh8+ Kd7 18.Rh7+ Kc6 19.Rxc7+ Kxc7 20.Ngf3 Nc6
21.Nb3 Bd7 22.Nbxd4 Nxd4 23.Nxd4 Rh8 24.Kd2 Rh5 25.Re1 Rh2 26.Rg1 Rh5 27.Nf3 Rf5
28.Rh1 Rf4 29.Rh4 Rf7 30.Ke3 Rf5 31.Rh7 Kc8 32.Rg7 Be8 33.g4 d4+ 34.Nxd4 Rxe5+
35.Kd3 a6 36.c4 Re1 37.Re7 Bd7 38.Nf3 Rd1+ 39.Kc3 Kd8 40.Rg7 Be8 41.Ne5 Rc1+
42.Kd4 b5 43.Kc5 bxc4 44.Nxc4 Rc2 45.f4 Rf2 46.Kd6 Rxf4 47.Ne5 Rb4 48.Nf7+ Bxf7
49.Rxf7 Rb6+ 50.Ke5 Rxb2 51.Kxe6 Rxa2 52.Rf8+ Kc7 53.Rf7+ Kb6 54.Rf6 a5 55.Rxg6 a4
56.g5 Kc5 57.Kf7 Rg2 58.Ra6 Kb4 59.g6 a3 60.g7 Rxg7+ 61.Kxg7 Kb3 62.Rb6+ Kc2
63.Kf6 a2 64.Ra6 Kb2 65.Rxa2+ Kxa2  1/2-1/2

[Event "Australian Open"]
[Site "Tuggeranong AUS"]
[Date "2007.01.08"]
[Round "10"]
[White "Rogers,I"]
[Black "Suttor,V"]
[Result "1-0"]
[WhiteElo "2526"]
[BlackElo "2128"]

1.d4 Nf6 2.Bg5 e6 3.c3 c5 4.e3 b6 5.Nf3 Bb7 6.Nbd2 h6 7.Bh4 Be7 8.Bd3 O-O
9.O-O Ba6 10.Bxa6 Nxa6 11.e4 d5 12.e5 Nd7 13.Bxe7 Qxe7 14.a3 Nc7 15.g3 a5
16.Nh4 b5 17.f4 b4 18.f5 bxc3 19.bxc3 Nb5 20.fxe6 Qxe6 21.Nf5 Nxc3 22.Qg4 g6
23.Nxh6+ Kg7 24.Rxf7+ Qxf7 25.Nxf7 Rxf7 26.e6 Nf6 27.Qf3 Nce4 28.exf7 Nxd2
29.Qf4 Nde4 30.dxc5  1-0

[Event "Keres Mem WGM"]
[Site "Tallinn EST"]
[Date "2007.01.10"]
[Round "6"]
[White "Vahtra,T"]
[Black "Piarnpuu,L"]
[Result "1/2-1/2"]
[WhiteElo "1939"]
[BlackElo "2190"]

1.d4 Nf6 2.Bg5 e6 3.e4 h6 4.Bxf6 Qxf6 5.Qd2 g6 6.f4 Bg7 7.Nf3 d6 8.Bd3 Qe7
9.Nc3 a6 10.Ne2 b6 11.O-O Bb7 12.f5 e5 13.fxg6 fxg6 14.Qe1 Nd7 15.Nh4 Qg5
16.d5 Bf6 17.Nf3 Qe3+ 18.Qf2  1/2-1/2

[Event "Keres Mem WGM"]
[Site "Tallinn EST"]
[Date "2007.01.10"]
[Round "7"]
[White "Gansvind,V"]
[Black "Purtseladze,M"]
[Result "0-1"]
[WhiteElo "2252"]
[BlackElo "2308"]

1.d4 Nf6 2.Bg5 e6 3.Nd2 h6 4.Bh4 d5 5.e3 c5 6.c3 Nc6 7.Ngf3 Bd6 8.Bd3 O-O
9.O-O cxd4 10.exd4 Qc7 11.Re1 Nh5 12.Bb1 g6 13.Bg3 Nxg3 14.hxg3 Rd8 15.Qe2 Bf8
16.Nb3 Bd7 17.Bc2 b6 18.Rad1 a5 19.Nc1 Rac8 20.a4 Kg7 21.Nd3 Nb4 22.Bb3 Nxd3
23.Qxd3 Rb8 24.Ne5 Be8 25.Qe3 h5 26.g4 f6 27.Nd3 Bf7 28.g5 Be7 29.Nf4 Rd6
30.gxf6+ Bxf6 31.Qg3 h4 32.Qg4 Rh8 33.Rxe6 Qd7 34.Rde1 h3 35.Bxd5 Rxd5 36.Qe2 hxg2
37.Rxf6 Kxf6 38.Nxd5+ Qxd5 39.Qe5+ Qxe5 40.Rxe5 Rh5 41.Re3 Bd5 42.f3 Rg5
43.b4 Rg3 44.bxa5 bxa5 45.c4 Rxf3  0-1

[Event "zt 3.3"]
[Site "Phu Quoc VIE"]
[Date "2007.01.12"]
[Round "2"]
[White "Duong The Anh"]
[Black "Nguyen Ngoc Truongson"]
[Result "0-1"]
[WhiteElo "2393"]
[BlackElo "2528"]

1.d4 Nf6 2.Bg5 e6 3.e4 h6 4.Bxf6 Qxf6 5.c3 d6 6.Nd2 Nd7 7.Bd3 g5 8.Ne2 h5
9.Qa4 g4 10.Qa5 c6 11.O-O Qd8 12.Qa4 Qg5 13.Rad1 Rg8 14.b4 h4 15.Qc2 Nf6
16.Rfe1 Be7 17.c4 Bd7 18.Qc3 e5 19.Nf1 exd4 20.Nxd4 Qe5 21.Bc2 Nh5 22.g3 hxg3
23.fxg3 Ng7 24.Qd3 Ne6 25.Nxe6 Bxe6 26.Ne3 O-O-O 27.Nf5 Bf6 28.Nxd6+ Kc7
29.c5 Be7 30.Qa3 Kb8 31.Nf5 Bf6 32.Qc1 Qc3 33.Bb3 Bxf5 34.Qf4+ Be5 35.Qxf5 a6
36.Rc1 Bd4+ 37.Kh1 Qxb4 38.Re2 Ka7 39.Rc4 Qb5 40.Re1 Qa5 41.Rb1 Rh8 42.Rc2 Qc7
43.Kg2 Rh6 44.Qxf7 Qe5 45.Qf4 Rxh2+ 46.Kxh2 Qh5+  0-1

[Event "ch-EST w"]
[Site "Tallinn EST"]
[Date "2007.01.21"]
[Round "2"]
[White "Vahtra,T"]
[Black "Tsiganova,M"]
[Result "0-1"]
[WhiteElo "1939"]
[BlackElo "2214"]

1.d4 Nf6 2.Bg5 e6 3.e4 h6 4.Bxf6 Qxf6 5.c3 d6 6.Bd3 g6 7.Ne2 Bg7 8.O-O O-O
9.f4 c5 10.Nd2 cxd4 11.cxd4 Nc6 12.Nf3 Qd8 13.Qb3 a5 14.Kh1 a4 15.Qa3 Re8
16.Bb5 Bd7 17.Rfd1 d5 18.Ng3 Qb6 19.Bxc6 Bxc6 20.exd5 Bxd5 21.Ne5 Bf8 22.Qc3 Rec8
23.Qd2 Rc7 24.Rdc1 Rac8 25.Nd7 Rxc1+ 26.Rxc1 Rxc1+ 27.Qxc1 Qxd4 28.Nxf8 Kxf8
29.a3 Qf2  0-1

[Event "ch-SER Qualification"]
[Site "Belgrade SER"]
[Date "2007.01.23"]
[Round "1"]
[White "Zivkovic,DD"]
[Black "Bojkovic,N"]
[Result "0-1"]
[WhiteElo "2187"]
[BlackElo "2397"]

1.d4 Nf6 2.Bg5 e6 3.Nf3 c5 4.e3 cxd4 5.exd4 Be7 6.c3 b6 7.Bd3 Bb7 8.Nbd2 d6
9.O-O Nbd7 10.Qe2 O-O 11.Rfe1 Re8 12.Rad1 h6 13.Bh4 Nh5 14.Bxe7 Qxe7 15.Be4 Bxe4
16.Nxe4 d5 17.Ned2 Nf4 18.Qe3 Ng6 19.Nf1 b5 20.a3 a5 21.Qd2 Nb6 22.Ne3 Qd6
23.g3 Reb8 24.h4 Rb7 25.h5 Nf8 26.Ne5 Nc4 27.N3xc4 bxc4 28.Rc1 Rab8 29.Rc2 Rb3
30.Re2 Nh7 31.Qf4 R8b7 32.Nd3 Qxf4 33.Nxf4 Nf6 34.Kf1 Ne4 35.Kg2 Nf6 36.Kf1 Ne4
37.Kg2 Kf8 38.f3 Nf6 39.Kf2 Ke7 40.g4 Kd6 41.Ng2 Re7 42.Kg3 Rb8 43.Re1 Reb7
44.Ree2 Re7 45.Re1 Rg8 46.Rce2 Rb7 47.Rc2 Nd7 48.Ne3 Rgb8 49.Ree2 Nf6 50.Ng2 Nh7
51.Nf4 Ng5 52.Ng2 Rf8 53.Nf4 Rfb8 54.Ng2 Rc7 55.Re1 Re7 56.Ree2 Rbe8 57.Re1 Rf8
58.Nf4 Rb7 59.Ree2 Rg8 60.Re1 Rb3 61.Ree2 Rgb8 62.Ng2 Nh7 63.Nf4 Nf6 64.Ng2 Nd7
65.Ne3 Rg8 66.Ng2 Rb7 67.Rcd2 Rb5 68.Rc2 Rb6 69.Re1 Nf6 70.Ree2 Kd7 71.Re1 Rgb8
72.Ree2 Nh7 73.Nf4 Ng5 74.Ng2 Re8 75.Re1 Rb3 76.Ree2 Nh7 77.Nf4 Nf6 78.Ng2 Reb8
79.Nf4 Ne8 80.Ng2 Nd6 81.Ne3 Rf8 82.Ng2 Rb6 83.Nf4 Rb7 84.Rcd2 Rb3 85.Rc2 Re8
86.Ng2 Rg8 87.Nf4 Rf8 88.Rcd2 Rb6 89.Rc2 Rbb8 90.Re1 Rfe8 91.Ng2 Rb6 92.Nf4 Rf8
93.Ree2 Rfb8 94.Ng2 Kc6 95.Ne3 Kb5 96.Nd1 Rf8 97.Rcd2 Rb7 98.Ne3 Ka4 99.Nd1 Kb5
100.Ne3 Kc6 101.Rc2 g6 102.hxg6 fxg6 103.Ng2 Rbf7 104.Ne1 Rf6 105.Rh2 Nf7
106.Kg2 g5 107.Re2 Kd6 108.Kg3 Nh8 109.Re3 Nf7 110.Rhe2 Rh8 111.Rh2 Rh7 112.Ng2 Kd7
113.Ne1 Nh8 114.Re5 Rg7 115.Re3 Kd6 116.Nc2 Rgf7 117.Ne1 Rf8 118.Nc2 Rg6
119.Ne1 Nf7 120.Nc2 Rg7 121.Ne1 Rh7 122.Nc2 Nh8 123.Re5 Rff7 124.Rhe2 Re7
125.Rh2 Ng6 126.Re3 Nf4 127.Ne1 Ref7 128.Nc2 Rf6 129.Ne1 Rb7 130.Rd2 Rf8
131.Ng2 Nd3 132.Rexd3 cxd3 133.Ne1 Rbf7 134.Rxd3 Rh7 135.Re3 h5 136.gxh5 Rxh5
137.Nd3 Rf6 138.Re5 Rh1 139.Re1 Rxe1 140.Nxe1 e5 141.dxe5+ Kxe5 142.Nd3+ Kd6
143.Kg4 Re6  0-1

[Event "ch-EST w"]
[Site "Tallinn EST"]
[Date "2007.01.23"]
[Round "5"]
[White "Vahtra,T"]
[Black "Narva,T"]
[Result "1-0"]
[WhiteElo "1939"]
[BlackElo "1826"]

1.d4 Nf6 2.Bg5 e6 3.e4 h6 4.Bxf6 Qxf6 5.c3 c5 6.Nf3 cxd4 7.cxd4 Nc6 8.Nc3 Bb4
9.e5 Qg6 10.Bd3 f5 11.exf6 Qxf6 12.O-O d5 13.Bc2 g5 14.Qd3 a6 15.Rae1 Kd8
16.Ne5 Nxe5 17.dxe5 Qf8 18.Rc1 Bd7 19.Rfd1 Qf7 20.Qd4 Bxc3 21.bxc3 Bc6 22.c4 Ke8
23.cxd5 Bxd5 24.Bb3 Bxb3 25.axb3 Rh7 26.Rc3 Qf4 27.Qd6 Qf7 28.Qb6 Qg8 29.Rcd3 Re7
30.Rd8+ Rxd8 31.Rxd8+ Kf7 32.Rxg8 Kxg8 33.Qd8+ Kf7 34.Qh8 Rd7 35.Qf6+ Ke8
36.Qxe6+ Kd8 37.h3 Kc7 38.Qxh6 Rd1+ 39.Kh2 Kb8 40.Qxg5 Ka7 41.e6 Re1 42.e7 b6
43.Qg7 Ka8 44.Qf8+ Kb7 45.e8=Q Rxe8 46.Qxe8  1-0